Writing space: the computer, hypertext, and the history of writing

Salvato in:
Dettagli Bibliografici
Autore principale: Bolter, Jay David (Autore)
Natura: Libro
Lingua:inglese
Pubblicazione: Mahwah Lawrence Erlbaum Associates 1991
Soggetti:
Tags: Aggiungi Tag
Nessun Tag, puoi essere il primo ad aggiungerne!!

MARC

LEADER 00000nam a2200000 a 4500
001 UCP6842
003 CL-VaPUC
008 991119e19910000us |||||||||||||||||eng|d
082 0 4 |a 652.5  |b BOL  |2 21 
100 0 |a Bolter, Jay David  |e author  |9 436153 
245 1 0 |a Writing space: the computer, hypertext, and the history of writing 
300 |a 258 p 
942 |c BK 
945 |d 19991119 00:00:00  |a rbrito 
260 |a Mahwah  |b Lawrence Erlbaum Associates  |c 1991 
650 0 |a Computadores  |9 258188 
650 0 |a Escritura  |9 264941 
650 7 |a HIPERTEXTO  |2 CL-VaPUC  |9 370740 
650 7 |a PROCESAMIENTO DE TEXTOS  |2 CL-VaPUC  |9 436154 
650 0 |a Tecnología electrónica  |9 334386 
583 |a last modification  |c 20171120 06:09:51  |k Rodrigo Vera 
999 |c 284269  |d 284267 
952 |0 0  |1 0  |4 0  |6 652_500000000000000_BOL_1991  |7 0  |8 A  |9 328122  |a FDOPOS  |b FDOPOS  |d 2019-11-20  |i 3576922  |o 652.5 BOL 1991  |p 3576922  |r 2025-01-22  |w 2019-11-20  |y BK  |k MLA